Evolution de la population mondiale - Statistiques

Statistiques générales
  • Ce quiz a été pris 40 fois
  • Le résultat moyen est 7 sur 25
Statistiques - réponses
Hint Réponse % Correct
7.82 Milliards 2020
66%
6.95 Milliards 2010
59%
6.15 Milliards 2000
50%
3 Milliards 1960
44%
4.45 Milliards 1980
38%
5.33 Milliards 1990
34%
300 Millions vers 1000
34%
3.7 Miliards 1970
28%
1,2 Milliard vers 1850
28%
1.5 Milliard vers 1900
28%
1.85 Milliard vers 1920
28%
8 à 20 Millions vers - 5000
28%
5 à 10 Millions vers - 6500
28%
405 Millions vers 1250
25%
475 Millions vers 1500
25%
1 Milliard vers 1800
25%
2 Milliards vers 1930
25%
1 à 10 Millions vers - 10000
22%
640 Millions vers 1700
22%
2,5 Milliards vers 1950
22%
1,75 Milliard vers 1910
19%
2.3 Milliards vers 1940
19%
0.5 Million vers - 100000
16%
650 Millions vers 1750
16%
200 Millions vers 400
16%
Aucun quiz correspondant
Distribution des résultats
% des personnes avec chaque résultat
Percentile par nombre de réponses
Votre historique - résultats
Vous n’avez pas pris ce quiz